00000000nam 2200000zi 4500
0019.894234
003CaOODSP
00520250312122332
006m     o  d f      
007cr cn|||||||||
008201202t20202020onc     ob   f000 0 fre d
020 |a9780660367927
040 |aCaOODSP|bfre|erda|cCaOODSP
043 |an-cn-ns
0861 |aCW69-21/72-2020F-PDF
24500|aPlan d'action pour la tortue mouchetée (Emydoidea blandingii), population de la Nouvelle-Écosse, au Canada.
24617|aPlan d'action pour la tortue mouchetée, population de la Nouvelle-Écosse
264 1|aOttawa : |bEnvironnement et changement climatique Canada, |c2020.
264 4|c©2020
300 |a1 ressource en ligne (v, 30 pages).
336 |atexte|btxt|2rdacontent/fre
337 |ainformatique|bc|2rdamedia/fre
338 |aressource en ligne|bcr|2rdacarrier/fre
4901 |aLoi sur les espèces en péril, série de plans d'action
500 |aPublié aussi en anglais sous le titre : Action plan for Blanding's turtle (Emydoidea blandingii), Nova Scotia population, in Canada.
500 |aPublié aussi en format HTML.
504 |aComprend des références bibliographiques.
650 6|aTortue mouchetée|xConservation|zNouvelle-Écosse.
650 6|aFaune|xRétablissement|zNouvelle-Écosse.
7101 |aCanada. |bEnvironnement et changement climatique Canada, |eorganisme de publication.
77508|tAction plan for Blanding's turtle (Emydoidea blandingii), Nova Scotia population, in Canada.|w(CaOODSP)9.894232
830#0|aLoi sur les espèces en péril, série de plans d'action.|w(CaOODSP)9.502108
85640|qPDF|s1.53 Mo|uhttps://publications.gc.ca/collections/collection_2020/eccc/CW69-21-72-2020-fra.pdf
8564 |qHTML|sS.O.|uhttps://www.canada.ca/fr/environnement-changement-climatique/services/registre-public-especes-peril/plans-action/tortue-mouchetee-nouvelle-ecosse-2020.html